| 000 | 01116nam a2200277Ia 4500 | ||
|---|---|---|---|
| 003 | OSt | ||
| 005 | 20221005110119.0 | ||
| 006 | a|||||r|||| 00| 0 | ||
| 007 | ta | ||
| 008 | 221004b |||||||| |||| 00| 0 hin d | ||
| 020 | _c400 | ||
| 024 | _a92765 | ||
| 037 |
_b536, 19/03/2009, Vani Prakashan _cTextual |
||
| 040 |
_aCRL _cCRL _bhin |
||
| 041 |
_2hin _ahin |
||
| 082 | _aO111944v, 152M9 | ||
| 100 | _aनाईक, एम. के. | ||
| 245 | 0 | _aभारतीय अंग्रेज़ी साहित्य का इतिहास | |
| 246 | _aBhāratīya aangreज़ī sāhitya kā itihāsa | ||
| 260 |
_aनई दिल्ली _bसाहित्य अकादेमी भारत _c1989 |
||
| 300 |
_a327पृ0 _ccm. |
||
| 650 | _aअंग्रेजी साहित्य | ||
| 700 |
_a पहारे, हेम चन्द्र, अनु. _9163701 |
||
| 942 |
_hO111944v, 152M9 _cTEXL _2cc |
||
| 999 |
_c1017860 _d1017860 |
||